000 01962nam a22003493i 4500
001 EBC6961654
003 MiAaPQ
005 20240321180747.0
007 cr cnu||||||||
008 230726s2022 xx o ||||0 ger d
020 _a9783110764994
_q(electronic bk.)
040 _aMiAaPQ
_beng
_cMiAaPQ
100 1 _aCzarnikow, Marie.
_925139
_4aut
_eauthor
245 1 0 _aDiaristik im Ersten Weltkrieg :
_bzwischen Alltagspragmatik und Privathistoriographie
_cMarie Czarnikow
264 1 _aBerlin ; Boston :
_bWalter de Gruyter,
_c2022.
264 4 _c©2022.
300 _a1 online resource (422 pages)
336 _aText
_btxt
_2rdacontent
337 _aComputermedien
_bc
_2rdamedia
338 _aOnline Resource
_bcr
_2rdacarrier
490 0 _aMinima : Literatur- und Wissensgeschichte kleiner Formen ;
_vv.5
500 _aE-Book-ProQuest / Fernzugriff nach Registrierung möglich
502 _bDissertation, Humboldt-Universität zu Berlin,
_d2020
505 0 _aIntro -- Inhaltsverzeichnis -- Einleitung: Labor der Diaristik -- Teil I: Gebrauchsroutinen -- 1 Zwischen Erlebnis und Pragmatik: Kriegstagebücher an den Fronten -- 2 Zwischen Teilnahme und Entzug: Kriegstagebücher in der Heimat -- 3 Kriegsdiaristik im Spannungsfeld von Historismus, Volkskunde und Kriegsliteratur -- Teil II: Zeitgeschichten -- 4 Aktualität und Gegenwart als Zeithorizonte der Diaristik -- 5 Zeitzeugenschaft avant la lettre -- 6 Diaristische Ereignisdramaturgien des Weltkriegs -- Schluss: Diaristik zwischen Alltagspragmatik und Privathistoriographie -- Bibliographie -- Abbildungsverzeichnis -- Biogramme -- Danksagung -- Personenverzeichnis.
650 7 _2gnd
_aKriegsliteratur
_925270
655 _aFernzugriff
_9230
655 _aTagebuch
_9935
655 _aHochschulschrift
830 0 _aMinima Series
_925140
856 4 0 _uhttps://ebookcentral.proquest.com/lib/maxweberstiftung-ebooks/detail.action?docID=6961654
_zVolltext
942 _cEB
_2z
999 _c62836
_d62836